000 00593nam a22001817a 4500
005 20141008152042.0
008 141008b xxu||||| |||| 00| 0 eng d
050 _aHF 1416
_b.K243m 2014
100 _aKeegan, Warren J.
245 _aGlobal marketing management /
_cWarren J. Keegan.
250 _a8th ed.
260 _aUpper Saddle River, NJ :
_bPrentice Hall,
_cc2014.
300 _a479 pages :
_billustrations ;
_c26 cm.
521 _aBusiness Administration
650 _aExport marketing
_xManagement.
650 _aExport marketing
_xManagement
_xCase studies.
942 _2lcc
_cBK
_kFOR
999 _c276045
_d276045